| 000 | 00603nam a2200205Ia 4500 | ||
|---|---|---|---|
| 008 | 140609s9999 xx 000 0 und d | ||
| 020 | _a9780323078498 | ||
| 050 |
_aRC 78 _b.Ei533 2007 |
||
| 100 | _aEisenberg, Ronald L. | ||
| 245 |
_aWorkbook for comprehensive radiographic pathology / _cRonald L. Eisenberg, Nancy M. Johnson |
||
| 250 | _a5th ed. | ||
| 260 |
_aSt. Louis, Mo. : _bMosby/Elsevier, _cc2012. |
||
| 300 |
_a184 p. : _bill. ; _c28 cm. |
||
| 521 | _aGE | ||
| 650 | _aMedical technologists. | ||
| 650 | _aPathology. | ||
| 650 | _aRadiography. | ||
| 942 |
_kFOR _cBK |
||
| 999 |
_c117958 _d117958 |
||